000 00825cam a22002777a 4500
003 CHAP
005 20220329134351.0
008 971013s1972 r 00010 d
010 _a19443
011 _a20415
035 _a24503
040 _cCHAP
082 _a632.058
_bA5
110 _aAmerican Phytopathological Society. Caribbean Division
_95268
245 0 _aDirectorio de fitopatógenos de América Latina
260 _a(Cali),
_c(1972)
300 _a51 p
590 _aBATCH-UPD
_b10
_c20130110
_lUCH01
_h0021
590 _aBATCH-UPD
_b10
_c20130409
_lUCH01
_h2001
590 _aBATCH-UPD
_b10
_c20130914
_lUCH01
_h1415
590 _aCONVERSION
_b10
_c20130109
_lUCH01
_h1312
650 1 4 _aFitopatólogos.
_941179
901 _aBK
942 _cLIBRO
949 _a632.058 A5
_bBC
_cBPA
_d-56434
_eBPA
_h40125
_i24503
_mD
_si
999 _c19443
_d19443